Bienvenue à la Médiathèque de Saint-Andiol
banniere
Accueil Recherche avancée Mon compte
handi1 Rechercher dans le catalogue

Filtre   Mots-clés
  Recherche avancée
 
Lister les dernières nouveautés
 
Lister les livres GROS CARACTERES
 
Lister les périodiques (magazines)

handi1 Chambre des merveilles (La)

roman

<< Retourner aux résultats de la recherche
Book Cover
Auteur principal : Julien Sandrel
Titre : Chambre des merveilles (La)
Support : Livres
Langue : Francais
Publié : 2018 Calmann-Lévy Paris
Genre : Roman
Sujets :
Étiquettes :
Pas de tags
LEADER 00945nam0a2200193 450
001 16868307
010 |a 978-2-7021-6289-7  |b br.  |d 17,9 € 
100 |a 20171228d2018 u u0frey01 ba 
101 0 |a fre 
102 |a FR 
200 0 |a Chambre des merveilles (La)  |e roman  |f Julien Sandrel 
207 1 |a   
210 |a Paris  |b 3 Rue Auber.  |c Calmann-Lévy  |d 2018 
215 |a 1 vol. (264 p.)  |d 22 x 14 cm 
330 |a Louis, 12 ans, part de chez lui contrarié. Alors qu'il rate un virage en skate, un camion le percute et il sombre dans le coma. Thelma, sa mère, est désespérée. Elle trouve le carnet de son fils où il a dressé la liste de ses rêves et des expériences qu'il aimerait vivre. Pendant quatre semaines, elle décide de les vivre à sa place. Premier roman. 
700 0 |a Sandrel  |b Julien  |4 70 
900 |a Roman 
901 |a Adultes 
995 |a Médiathèque  |c Médiathèque  |f 00156006922595  |h 00156006922595  |k R SAN  |o p  |q a  |r az  |e Médiathèque